Entry Nombre personal
001 - NÚMERO DE CONTROL
- campo de control: 226338
003 - IDENTIFICADOR DE NÚMERO DE CONTROL
- campo de control: SpMaBN
005 - FECHA Y HORA DE LA ÚLTIMA TRANSACCIÓN
- campo de control: 20230524104714.0
008 - ELEMENTOS DE DATO DE LONGITUD-FIJA
- campo de control de longitud fija: 900725nn ainnnaabn n aac
016 ## - NÚMERO DE CONTROL DE UNA AGENCIA BIBLIOGRÁFICA NACIONAL
- Número de control del registro: BNE19960808804
040 ## - FUENTE DE CATALOGACIÓN
- Centro catalogador/agencia de origen: SpMaBN
- Lengua de catalogación: spa
- Centro/agencia transcriptor: A2
100 1# - ENCABEZAMIENTO-NOMBRE DE PERSONA
- Nombre de persona: Aaron, M. Audrey,
- Títulos y otros términos asociados al nombre: (O.S.B.)
375 ## - GÉNERO/SEXO
- Género: Femenino
670 ## - FUENTE DE DATOS ENCONTRADOS
- Cita de la fuente: WWW Bn España aut., 24-5-2023;
- Información encontrada: (Aaron, M. Audrey, (O.S.B.))
954 ## - CATALOGADOR -ALTA REGISTRO
- Nombre del catalogador: Julia Mas Vieira
